LEADER 01185nam a2200277 4500 001 000000349168 003 CaOOAMICUS 005 20220120100534.0 008 220120s2012 it 000 u ita r 020 $a978-88-6620-807-5 040 $aSeMil$bita 100 1 $aBianconi, Giovanni,$d<1960- >.$0(OLS)http://semarc/name/64358 245 10$aFigli della notte :$bgli anni di piombo raccontati ai ragazzi /$cGiovanni Bianconi. 264 1$aMilano :$bDalai,$c2012. 300 $a391 p. ;$c22 cm 490 1 $aI saggi ;$v455 650 4$aTerrorismo - Italia.$0(OLS)http://semarc/subject/10429 650 4$aItalia - Storia - Sec. 20. - Anni di piombo.$0(OLS)http://semarc/subject/40798 830 2$aI saggi ;$v455.$0(OLS)http://semarc/title/419984 850 $aSeMil 852 $aSeMil$W1$xVenegono$y1$m3V II 375$j231816$B240236$CSeMilBibl$Z2$F240236 $81 961 $aPerego don Stefano - Omaggio 996 $6020$a978-88-6620-807-5$9(OLS)http://semarc/number/295095 996 $6245$aFigli della notte :$bgli anni di piombo raccontati ai ragazzi$9(OLS)http://semarc/title/438704 996 $6264$aMilano :$bDalai$9(OLS)http://semarc/publisher/58718 LEADER 01052nam a2200265 i 4500 001 000000065975 003 CaOOAMICUS 005 20181130140637.0 008 131126s1986 it u000 u ita u 013 $a37147 040 $aSeMil$bita 100 1 $aAliotta, Maurizio.$0(OLS)http://semarc/name/33140 245 13$aLa teologia del peccato in Alano di Lilla /$cMaurizio Aliotta. 260 $aPalermo :$bEdizioni Augustinus,$c1986. 300 $a160 p. ;$c22 cm. 490 0 $aCristianismo ;$v3 500 $aContiene : Bibliografia. 600 04$aAlano : di Lilla .$0(OLS)http://semarc/subject/12852 650 4$aPeccato.$0(OLS)http://semarc/subject/4432 830 0$aCristianismo ;$v3.$0(OLS)http://semarc/title/12647 850 $aSeMil 852 $aSeMil$W1$xVenegono$y1$m2N II 97$j32128$B32128$CSeMilBibl$Z2$F32131 $81 996 $6245$aLa teologia del peccato in Alano di Lilla$9(OLS)http://semarc/title/104818 996 $6260$aPalermo :$bEdizioni Augustinus$9(OLS)http://semarc/publisher/29665 LEADER 01302nam a2200289 i 4500 001 000000006726 003 CaOOAMICUS 005 20210406135128.0 008 180830s1979 it u000 u ita u 040 $aSeMil$bita 245 10$aAdesso :$briproduzione fotografica integrale /$c[ne ha curato l'edizione Giuseppe Albiero]. 246 02$aAdesso :$bquindicinale d'impegno cristiano 260 $aBologna :$bEDB,$c1979. 500 $aDuplice copia del posseduto. 513 $aConsistenza: 1 (1949) - 14 (1962). 650 4$aAdesso .$0(OLS)http://semarc/subject/1068 700 1 $aMazzolari, Primo,$d<1890-1959>.$0(OLS)http://semarc/name/3525 700 1 $aAlbiero, Giuseppe.$0(OLS)http://semarc/name/3528 774 0 $tDal 15 gennaio 1949 al 15 dicembre 1952.$g1$w()85457 774 0 $tDal 1 gennaio 1953 al 1 aprile 1956.$g2$w()85458 774 0 $tDal 15 aprile 1956 al 15 aprile 1959.$g3$w()85462 774 0 $tDal 1 maggio 1959 al 25 settembre 1962.$g4$w()103896 774 0 $tTitolo mancante.$w()129237 996 $6245$aAdesso :$briproduzione fotografica integrale$9(OLS)http://semarc/title/8990 996 $6246$aAdesso :$bquindicinale d'impegno cristiano$9(OLS)http://semarc/title/2912 996 $6260$aBologna :$bEDB$9(OLS)http://semarc/publisher/29669 LEADER 02533nam a2200397 i 4500 001 000000169604 003 CaOOAMICUS 005 20080226000000.0 008 080226s2006 gw u000 u ger u 013 $a147007 020 $a978-3-451-28618-6 020 $a978-3-525-56934-4 040 $aSeMil$bita 100 1 $aBeinert, Wolfgang,$d<1933- >.$0(OLS)http://semarc/name/4988 245 10$aUrsprünge und Wandlungen /$cmit Beiträgen von Wolfgang Beinert ... [et al.] ; für den Ökumenische Arbeitskreis evangelischer und katholischer Theologen, hrsg. von Theodor Schneider und Gunther Wenz. 300 $a423 p. 490 0 $aDialog der Kirchen : Veröffentlichungen des Ökumenischen Arbeitskreises evangelischer und katholischer Theologen unter dem Protektorat von Bischof Hermann Kunst und Hermann Kardinal Volk ;$v13 700 1 $aWenz, Günther,$d<1949- >.$0(OLS)http://semarc/name/47325 700 1 $aSchneider, Theodor,$d<1930- >.$0(OLS)http://semarc/name/2571 773 0 $tKirchliche Amt in apostolischer Nachfolge.$dFreiburg im Breisgau : Herder ; Göttingen : Vandenhoeck & Ruprecht, 2004-2006.$kDialog der Kirchen$g2$w()19229 774 0 $aSattler, Dorothea$tKirchen unter Gottes Wort ... ; Weisung und Verheissung ... ; Auswahlbibliographie.$w()305932 774 0 $aSöding, Thomas <1956- >$tMitte der Schrift", "Einheit der Schrift".$w()305933 774 0 $aKertelge, Karl <1926-2009>$tBuchstabe und Geist nach 2 Kor 3.$w()305934 774 0 $aHossfeld, Frank-Lothar <1942-2015>$tBuchstabe und Geist".$w()305935 774 0 $aSlenczka, Reinhard$tGeist und Buchstabe ; Resümee des vorausstehenden Vortrags ... ; Stellungnahme zu der Vorlage "Schrifverständnis und Schriftgebrauch" ...$w()305936 774 0 $aSmolinsky, Heribert$tSchrift und Lehramt.$w()305940 774 0 $aMehlhausen, Joachim$tEvangelische Synoden und kirchliche Lehre.$w()305941 774 0 $aRiedel-Spangenberger, Ilona Ursula <1948-2007>$tSchrift und Lehrautorität.$w()305942 774 0 $aPesch, Otto Hermann <1931-2014>$tSchriftauslegung, kirchliche Lehre, Rezeption.$w()305943 830 0$aDialog der Kirchen ;$v13.$0(OLS)http://semarc/title/300 850 $aSeMil 852 $aSeMil$W1$xVenegono$y1$m2R IV 253$j120527$B120527$CSeMilBibl$Z2$F131930 $81 961 $aAcquisto: Herder 996 $6020$a978-3-451-28618-6$9(OLS)http://semarc/number/156496 996 $6020$a978-3-525-56934-4$9(OLS)http://semarc/number/156497 996 $6245$aUrsprünge und Wandlungen$9(OLS)http://semarc/title/242549